| 000 | 01131cai a2200181 a 4500 | ||
|---|---|---|---|
| 001 | L144724 | ||
| 008 | 080806u xxk g 000 0 eng d | ||
| 035 | _a(Sirsi) u144724 | ||
| 041 | 0 | _aeng | |
| 110 | 2 |
_aInstitution of Fire Engineers _94124 |
|
| 245 | 0 | 4 |
_aThe Institution of Fire Engineers _h[electronic resource] |
| 520 | _aWebsite of the Institution of Fire Engineers (IFE), an international organisation for fire professionals. Provides information about this non profit professional body, its structure, objectives, activities, membership, publications and international branches. Includes news and updates, information about training and education, a forum, their online journal and catalogue. Provides information on their Register of Fire Risk Assessors and Auditors, their special interest groups, and IFE Technical Strategy and Advisory Group (TSAG). Has a page dedicated to their Young professionals. | ||
| 590 | _aKA | ||
| 651 | 4 | _aInternational | |
| 690 | _aMANAGEMENT-HEALTH AND SAFETY-FIRE SAFETY | ||
| 856 | 4 | 0 |
_uhttps://www.ife.org.uk/ _zView this website free of charge at http://www.ife.org.uk... |
| 942 | _n0 | ||
| 999 |
_c120692 _d120692 |
||